| 000 | 00557nam a2200205Ia 4500 | ||
|---|---|---|---|
| 003 | GCL | ||
| 008 | 140319s9999 xx 000 0 eng d | ||
| 040 |
_aGCL / _cGCL |
||
| 082 | 0 | 4 |
_aCC _b291.23 _bT M |
| 100 | 1 | _aTAYLOR, JOHN H. | |
| 245 | 1 | 0 |
_aUNWRAPPING A MUMMY: THE LIFE, DEATH AND EMBALMING OF THE HOREMKENESI / _cTAYLOR, JOHN H. |
| 260 |
_a[S.N] : _bBRITISH MUSEUM PRESS ، _c1995 |
||
| 300 | _a111 P | ||
| 650 | 0 | 4 | _aEGYPT |
| 650 | 0 | 4 | _aANCIENT EGYPT |
| 650 | 0 | 4 | _aHISTORY |
| 650 | 0 | 4 | _aEGYPTOLOGY |
| 650 | 0 | 4 | _aEGYPT - MUMMY |
| 942 |
_2ddc _cBK |
||
| 999 |
_c15852 _d15852 |
||